| 000 | 01637nam2a22002531 4500 | ||
|---|---|---|---|
| 001 | rc\3818472 | ||
| 005 | 20260407131039.0 | ||
| 021 |
_aRU _b[75-54885] |
||
| 035 | _a(NLR Aleph) 007274768 | ||
| 090 |
_a5447121 _c5447121 |
||
| 100 | _a20120410d1975 |||y0rusy50 ca | ||
| 101 | 0 | _arus | |
| 102 |
_aRU _aRU |
||
| 105 | _aa z ||||| | ||
| 200 | 1 |
_aСанитарно-техническое и отопительное оборудование _e[Альбом] _fГосстрой СССР. Центр. науч.-исслед. и проектно-эксперим. ин-т организации, механизации и техн. помощи стр-ву "ЦНИИОМТП". Бюро внедрения |
|
| 210 |
_d1975 _aБ. м. |
||
| 215 |
_a31 с. _cчерт. |
||
| 461 | 0 |
_1001rc\2653685 _12001#$vВып. 5 _95344354 _aКуйбышевское краевое земельное управление _c[Самара] _d[1931] _nБ. и. _oОсновные итоги развития сельского хозяйства в истекшие два года пятилетки и задачи весенней посевной кампании 1931 года _p8 с. _tТезисы доклада Крайзу на 2-м краевом съезде советов _vВып. 5 |
|
| 712 | 0 | 2 |
_aНаучно-исследовательский и проектно-эксперим. ин-т организации, механизации и техн. помощи строительству _cМосква _3RU\NLR\AUTH\8810077052 _9656291 |
| 801 | 0 |
_aRU _bNLR _gpsbo |
|
| 801 | 1 |
_aRU _bELAR _2rusmarc |
|
| 852 |
_aNLR _j75-8/782 |
||
| 942 | _cBOOK | ||
| 980 | _aNB | ||